Vainqueurs du Master 1000 de Monte-Carlo - Statistiques

Statistiques générales
  • Ce quiz a été pris 58 fois
  • Le résultat moyen est 24 sur 34
Statistiques - réponses
Champions % Correct
2018 Nadal
100%
2017 Nadal
100%
2016 Nadal
100%
2012 Nadal
100%
2011 Nadal
100%
2010 Nadal
100%
2009 Nadal
100%
2008 Nadal
100%
2007 Nadal
100%
2006 Nadal
100%
2005 Nadal
100%
2015 Djokovic
98%
2013 Djokovic
98%
2024 Tsitsipas
83%
2022 Tsitsipas
83%
2021 Tsitsipas
83%
2014 Wawrinka
77%
2023 Rublev
70%
2001 Kuerten
66%
1999 Kuerten
66%
2003 Ferrero
62%
2002 Ferrero
62%
1998 Moya
55%
2004 Coria
49%
2019 Fognini
49%
1996 Muster
49%
1995 Muster
49%
1992 Muster
49%
1994 Medvedev
38%
1993 Bruguera
36%
1991 Bruguera
36%
1997 Rios
34%
2000 Pioline
26%
1990 Chesnokov
13%
Aucun quiz correspondant
Distribution des résultats
% des personnes avec chaque résultat
Percentile par nombre de réponses
Votre historique - résultats
Vous n’avez pas pris ce quiz